00624nam a2200157Ia 4500008004100000020001800041082001700059100001900076245010800095260003200203300001100235500002700246650008500273952009100358999001700449120622s9999 xx 000 0 und d a968-6809-00-7 a070.44 L841d aLombardo, Irma aDe la opinión a la noticia : el surgimiento de los géneros informativos en México / Irma Lombardo aMéxico : Ediciones Kiosco a251 p. aIncluye bibliografía a1. REPORTAJE - HISTORIA \ 2. ENTREVISTA - HISTORIA \ 3. PERIODISMO - HISTORIAÌ 00104070a01b01d2007-01-25l0o070.44 L841Dp01 006260r2012-06-24w2012-06-24yLB c56718d56718